000 00837nam a2200277Ia 4500
001 Para_6844
003 CHAP
008 220125s1981 xx 000 0 und d
010 _a203688
040 _cCHAP
090 _aPA FOLLETO 785
100 _aOsoria Rodríguez, Luis
_984201
245 _aGuía para cultivar frijol de temporal en el estado de Tlaxcala /
_c por Luis Osoria Rodríguez
260 _aMéxico :
_b INIA. CIAMEC
300 _a12 p.
440 _aFolleto para productores; 10
_9166422
650 _aFrijol
_x Tlaxcala
_943440
710 _aInstituto Nacional de Investigaciones Agrícolas (México) CIAMEC
_9169561
901 _aPA FOLLETO 785
902 _aA
905 _a0000001981 0000000000 00
910 _a1981
942 _cPARA
942 _cPARA
_d1
999 _c203688
_d203688